000 00884cab a2200289 4500
001 ABS48866
008 090401t1993 xxu||||| |||| 00| 0 eng d
035 _a(Sirsi) u68884
041 _aeng
100 _aPasquire, C.
245 2 _aA higher degree of expertise
260 _c1993
350 _a0
490 _aChartered Quantity Surveyor
_v15(10) June 1993, 20(1)
520 _aArgues in favour of the promotion of higher degrees for surveyors but insists on the need for funding and motivation from the profession.
650 _aCAREERS, EDUCATION AND TRAINING
650 _aFUTURE
650 _aHIGHER DEGREES
650 _aMASTERS DEGREES
650 _aBUILT ENVIRONMENT-QUANTITY SURVEYING
650 _aRESEARCH
650 _aRICS
650 _aROLE
690 _aMANAGEMENT-BUSINESS MANAGEMENT-PROFESSIONAL PRACTICE
942 _n0
948 _c04/03/1997
999 _c43247
_d43247